000 03699cam a2200361 4500500
005 20260329022354.0
041 _afre
042 _adc
100 1 0 _aSchultz, Émilien
_eauthor
700 1 0 _aGuillouet, Simon
_eauthor
700 1 0 _aCape, Emma
_eauthor
700 1 0 _aLachenal, Guillaume
_eauthor
700 1 0 _aCarey-Libbrecht, Liz
_eauthor
245 0 0 _aLancetgate or scientific publication put to the test by Twitter
260 _c2024.
500 _a20
520 _aThe Covid-19 pandemic led to unprecedented exposure of scientific activity in the public sphere, in which social media played a key role, eliciting both enthusiasm and concern about the changing relationship between science and society. This article focuses on the exceptional retraction of an article from the journal The Lancet – widely commented on as Lancet Gate – under fire from critics on Twitter. The article in question, published on 22 May 2020, reopened the debate on the efficacy of hydroxychloroquine and sparked a massive controversy on Twitter, leading to its retraction on 6 June. Some commentators saw this sequence as a victory for the collective vigilance enabled by Twitter, acting as a decentralized platform for “post-publication peer review” (PPPR). Drawing on a survey combining analysis of online interactions and interviews, we describe in detail the conditions of attention and mobilization on the platform. Although many researchers were present and expressed themselves, their criticism remained largely individual, diluted in largely politicized and polarized commentaries, leading above all to a “disorganized scepticism” made up of a juxtaposition of positions.
520 _aLa pandémie de Covid-19 a provoqué une exposition sans précédent de l'activité scientifique dans l'espace public. Les médias sociaux ont joué un rôle central dans ces échanges, suscitant à la fois en­thousiasme et inquiétude sur l’évolution des relations entre science et société. Cet article se concentre sur la rétractation exceptionnelle d’un article du journal The Lancet – largement commentée sous l’ap­pellation de Lancet Gate – conduite à marche forcée sous le feu des critiques menées sur Twitter. En relançant les débats sur l’efficacité de l’hydroxychloroquine, l’article publié le 22 mai 2020 a en effet suscité un débat massif sur Twitter, conduisant à sa rétraction le 6 juin. Cette séquence a pu être présentée par certains commentateurs comme une victoire de la vigilance collective permise par Twitter, occupant le rôle de plateforme de « post-publication peer review » (PPPR). À partir d’une enquête croisant l’analyse des échanges en ligne et la conduite d’entretiens, nous détaillons les conditions d’at­tention et de mobilisation sur la plateforme. Si de nombreux cher­cheurs sont présents et s’expriment, leur critique reste largement individuelle, délayée dans des commentaires largement politisés et polarisés, conduisant surtout à un « scepticisme désorganisé » fait d’une juxtaposition de prises de position.
690 _acontroverse
690 _aCovid-19
690 _ahydroxychloroquine
690 _apost publication peer review (PPPR)
690 _ascience et société
690 _aTwitter
690 _acontroversy
690 _aCovid-19
690 _ahydroxychloroquine
690 _apost publication peer review (PPPR)
690 _ascience and society
690 _aTwitter
786 0 _nRéseaux | o 246-247 | 4-5 | 2024-12-17 | p. 269-308 | 0751-7971
856 4 1 _uhttps://shs.cairn.info/journal-reseaux-2024-4-5-page-269?lang=en&redirect-ssocas=7080
999 _c1919643
_d1919643